Maynard: manual del ingeniero industrial
Guardat en:
| Autor principal: | |
|---|---|
| Format: | Llibre |
| Idioma: | espanyol |
| Publicat: |
Cuernavaca
McGraw-Hill Interamericana
2005
|
| Edició: | 5a. ed |
| Matèries: | |
| Etiquetes: |
Afegir etiqueta
Sense etiquetes, Sigues el primer a etiquetar aquest registre!
|
MARC
| LEADER | 00000nam a2200000 a 4500 | ||
|---|---|---|---|
| 001 | UCH1020 | ||
| 003 | CL-VaPUC | ||
| 008 | 090402e20050000MX |||||||||||||||||spa|d | ||
| 020 | |a 9701047958 | ||
| 082 | 0 | 4 | |a 658.5 |b ZAN |2 21 |
| 100 | 0 | |a Zandin, Kjell B |e author |9 535337 | |
| 245 | 1 | 0 | |a Maynard: manual del ingeniero industrial |
| 250 | |a 5a. ed | ||
| 300 | |a 2 v | ||
| 942 | |c BK | ||
| 945 | |d 20090402 00:00:00 |a dcastane | ||
| 260 | |a Cuernavaca |b McGraw-Hill Interamericana |c 2005 | ||
| 650 | 0 | |a Ingeniería industrial |9 260973 | |
| 650 | 0 | |a Manuales |9 257144 | |
| 583 | |a last modification |c 20090402 00:00:00 |k Rodrigo Vera | ||
| 999 | |c 333115 |d 333113 | ||
| 952 | |0 0 |1 0 |4 0 |6 658_500000000000000_ZAN_2005 |7 0 |8 A |9 421291 |a BIBING |b BIBING |d 2019-11-22 |h v. 1 |i 4529200 |o 658.5 ZAN 2005 |p 4529200 |r 2025-01-20 |w 2019-11-22 |y BK |k EII | ||
| 952 | |0 0 |1 0 |4 0 |6 658_500000000000000_ZAN_2005 |7 0 |8 A |9 421292 |a BIBING |b BIBING |d 2019-11-22 |h v. 2 |i 4529219 |o 658.5 ZAN 2005 |p 4529219 |r 2025-01-20 |w 2019-11-22 |y BK |k EII | ||